Pokémon - The learnset of Pikachu - Statistics

General Stats
  • This quiz has been taken 32 times
  • The average score is 13 of 20
Answer Stats
Level Type Move % Correct
44 Electric Thunder
100%
28 Steel Iron Tail
96%
36 Electric Thunderbolt
92%
1 Electric Thunder Shock
92%
1 Normal Quick Attack
88%
24 Psychic Agility
83%
4 Electric Thunder Wave
75%
1 Fairy Charm
71%
1 Normal Tail Whip
71%
32 Electric Discharge
67%
1 Normal Growl
63%
1 Electric Nuzzle
63%
20 Electric Spark
63%
12 Electric Electro Ball
54%
8 Normal Double Team
46%
1 Dark Nasty Plot
42%
40 Psychic Light Screen
38%
1 Fairy Sweet Kiss
29%
1 Normal Play Nice
17%
16 Normal Feint
13%
No matching quizzes found
Score Distribution
Percent of People with Each Score
Percentile by Number Answered
Your Score History
You have not taken this quiz